000 00709nam a2200301Ia 4500
005 20260330160920.0
008 008 300114s9999 xx 000 0 eng d
020 _a9780071336598
037 _aEBOOK
040 _aCRL
040 _beng
040 _cCRL
041 _2eng
041 _aeng
084 _qCRL
100 _aBhel
_91232285
245 0 _aHandbook Of Switchgears
250 _a1
260 _bMcgraw Hill
260 _c2005
365 _aINR
365 _b73500
650 _aElectrical Engineering
856 _uhttps://resolver.vitalsource.com/9780071336598/?brand=mcgrawhillindia.vitalsource.com
942 _cEBOOK
999 _c1844262
_d1844262